000 00525nam a2200181Ia 4500
005 20250508160048.0
008 008 250505s9999 xx 000 0 eng d
037 _aTextual
040 _aFEDL
_beng
_cFEDL
041 _aeng
_2eng
084 _a378.121, HOF
_qFEDL
100 _aHofstadter Richard
245 0 _aAcademic freedom in the age of the college
260 _aNew York, USA
_b Columbia University Press
_c1955
300 _aix,274p.
942 _cTEXL
_h378.121, HOF
999 _c1361463
_d1361463